Guess The Web, Apps, & Software Brands! #4 - Statistics

General Stats
  • This quiz has been taken 21 times
  • The average score is 22 of 62
Answer Stats
Picture Answer % Correct
Snapchat
100%
Google Translate
90%
Google Translate
90%
Apple TV
85%
Tinder
80%
Bitcoin
70%
Facetime
70%
PDF
70%
The Weather Channel
70%
Zoom
65%
Cash App
60%
DuckDuckGo
60%
Vine
60%
ADS
55%
Python
55%
Siri
55%
Suse
55%
Match.com
50%
Wish
50%
Lyft
45%
WeChat
45%
Acrobat
40%
HTML5
40%
TED
35%
Windows 98
35%
Buzzfeed
30%
Google TV
30%
OpenOffice
30%
Periscope
30%
Utorrent
30%
Alexa
25%
CCleaner
25%
Hangouts
25%
Music.ly
25%
Windows Media Player
25%
Abebooks
20%
Apache
20%
Beeline
20%
Google Play Books
20%
Street View
20%
Tuenti
20%
Yahoo Messenger
20%
Amazon Cloud Drive
15%
Bitdefender
15%
Emule
15%
Joomla
15%
Live Journal
15%
Opentable
15%
RSS
15%
Soundrop
15%
Ticketmaster
15%
Bing Translator
10%
GoAnimate
10%
Google Fiber
10%
InfoPath
10%
Inkscape
10%
Krita
10%
Monster
10%
Path
10%
Photogrid
10%
RealPlayer
10%
TrueCaller
10%
No matching quizzes found
Score Distribution
Percent of People with Each Score
Percentile by Number Answered
Your Score History
You have not taken this quiz